000 00483nam a2200193Ia 4500
008 220531s9999 xx 000 0 und d
041 _aeng
082 _bREL / CHA
100 _aChattopadhyaya, Debiprasad
_979835
245 _aReligion and Society
250 _a1ST
260 _aDelhi
_bAakar
_c2013
300 _a211
542 _d30-06-2016
551 _aSociology
_bNon-grant-SCO
650 _aSociology
_979836
906 _d2016-2017
_f9117
999 _c44161
_d44161